Statistics for Ultimate Divergent Quiz

Click here to take the quiz!

General Stats

  • This quiz has been taken 1,437 times
  • The average score is 26 of 35

Answer Stats

HintAnswer% Correct
Name of Book 1Divergent
99%
Initiate who Jumps into the PitAl
98%
Nickname of ^Tris
98%
Nickname of ^Four
97%
Name of Book 2Insurgent
96%
Name of Brave FactionDauntless
91%
Name of Main Characters Best FriendChristina
89%
Name of Book 3Allegiant
88%
Name of Peaceful FactionAmity
88%
Name of Honest FactionCandor
88%
Name of Intelligent FactionErudite
88%
Name of Selfless FactionAbnegation
87%
Boyfriend ^Will
87%
Name of Main Character (Girl)Beatrice Prior
85%
Main Character's BrotherCaleb Prior
84%
Name of Main Character (Boy)Tobias Eaton
84%
Leader in Dauntless FactionEric
79%
Initiate who Beats up Main Character (Boy)Peter
78%
Main Character (Boy) FatherMarcus Eaton
75%
Initiate Who becomes Factionless after being StabbedEdward
73%
What do Main Character Boy and Girl ClimbFerris Wheel
70%
Author of BookVeronica Roth
70%
What does Boy Main Character have a Tattoo ofAll the Factions
69%
Tattoo ArtistTori
68%
How Dauntless get to their CompundTrain
65%
Main Characters FatherAndrew Prior
63%
What does Girl Main Character have a Tattoo ofBirds
63%
Main Characters MotherNatalie Prior
63%
Name of First Initiation Game off CompundCapture The Flag
62%
Dauntless Born Friend of Main Character (Boy)Uriah
56%
Leader of Erudite FactionJeanine Matthews
53%
Girl who leaves with ^Myra
45%
Best Friends of ^ (Boy and Girl)Drew and Molly
37%
U.S Release date of Movie21st March 2014
8%
U.S Release Date of DVD5th August 2014
7%

Score Distribution

Percentile by Number Answered

Percent of People with Each Score

Your Score History

You have not taken this quiz